[Event "Kingston Easter U1900"]
[Site "Kingston"]
[Date "2019.04.21"]
[Round "7.32"]
[White "Hsu, Ted"]
[Black "Dupont Mageau, Nicolas"]
[Result "1-0"]
[WhiteElo "1732"]
[BlackElo "1459"]
[PlyCount "81"]
[EventDate "2019.04.18"]
[EventType "swiss"]
[EventRounds "9"]
[EventCountry "CAN"]
[SourceTitle "EXT 2022"]
[Source "ChessBase"]
[SourceDate "2021.10.06"]
[SourceVersion "1"]
[SourceVersionDate "2021.10.06"]
[SourceQuality "1"]

1. d4 Nf6 2. Bf4 d6 3. e3 g6 4. Nf3 Bg7 5. h3 Nbd7 6. Be2 0-0 7. 0-0 Re8 8. c3 b6 9. Qb3 Bb7 10. Rd1 e6 11. Nbd2 Ne4 12. Nxe4 Bxe4 13. Nd2 e5 14. Bg3 Bb7 15. Rac1 exd4 16. cxd4 Kh8 17. Bc4 f5 18. Nf3 Bxf3 19. gxf3 Re7 20. Bd5 Rb8 21. Bc6 Bf6 22. Rc2 Nf8 23. Rdc1 Rg7 24. Qd3 a5 25. a4 Ne6 26. Kg2 Qe7 27. Bd5 c5 28. Bxe6 Qxe6 29. dxc5 bxc5 30. Qxd6 Qxd6 31. Bxd6 Rxb2 32. Rxc5 h5 33. Rxa5 Rd7 34. Ra6 Ra2 35. Rc8+ Kh7 36. Rc7 Rxc7 37. Bxc7 Bc3 38. h4 Be1 39. Bg3 Bd2 40. Kf1 Bc3 41. e4 1-0

[Event "Gatineau Feuille d'Erable U1600"]
[Site "Gatineau"]
[Date "2018.11.06"]
[Round "3"]
[White "Bourbonnais, Luc"]
[Black "Dupont Mageau, Nicolas"]
[Result "0-1"]
[WhiteElo "1392"]
[BlackElo "1500"]
[PlyCount "66"]
[EventDate "2018.10.23"]
[EventType "swiss"]
[EventRounds "5"]
[EventCountry "CAN"]
[SourceTitle "EXT 2022"]
[Source "ChessBase"]
[SourceDate "2021.10.06"]
[SourceVersion "1"]
[SourceVersionDate "2021.10.06"]
[SourceQuality "1"]

1. e4 c5 2. Nf3 e6 3. g3 Nc6 4. Bg2 d6 5. 0-0 Nf6 6. d3 Be7 7. Re1 e5 8. Nbd2 Bg4 9. Nf1 d5 10. Ne3 Bh5 11. exd5 Nxd5 12. Nxd5 Qxd5 13. Ng5 Qxg2+ 14. Kxg2 Bxd1 15. Rxd1 Rd8 16. Be3 h6 17. Ne4 b6 18. h4 f5 19. Nc3 Kf7 20. h5 Rd7 21. a3 Rhd8 22. f3 Bf6 23. Rd2 c4 24. Rad1 cxd3 25. Kf2 Ke6 26. cxd3 Na5 27. Ke2 f4 28. gxf4 exf4 29. Bxf4 Nb3 30. Rc2 Nd4+ 31. Kd2 Nxc2 32. Kxc2 Kf5 33. Be3 Bg5 0-1

[Event "Gatineau Feuille d'Erable U1600"]
[Site "Gatineau"]
[Date "2018.10.30"]
[Round "2"]
[White "Dupont Mageau, Nicolas"]
[Black "Fex, John"]
[Result "1-0"]
[WhiteElo "1500"]
[BlackElo "1384"]
[PlyCount "57"]
[EventDate "2018.10.23"]
[EventType "swiss"]
[EventRounds "5"]
[EventCountry "CAN"]
[SourceTitle "EXT 2022"]
[Source "ChessBase"]
[SourceDate "2021.10.06"]
[SourceVersion "1"]
[SourceVersionDate "2021.10.06"]
[SourceQuality "1"]

1. e4 e5 2. Nf3 Nc6 3. Bb5 Nf6 4. 0-0 a6 5. Ba4 b5 6. Bb3 d5 7. exd5 Nxd5 8. Re1 Bg4 9. Nxe5 Nxe5 10. Rxe5+ Be6 11. Bxd5 Qd6 12. Rxe6+ fxe6 13. Bxa8 Be7 14. Be4 0-0 15. Qh5 g6 16. Qh6 Qd4 17. Qe3 Qe5 18. Bf3 Qf5 19. Qe4 Qf6 20. c3 Bd6 21. d4 g5 22. Qg4 h6 23. h4 Kh8 24. hxg5 Qe7 25. g6 Kg7 26. Be4 Rf6 27. Bxh6+ Kg8 28. Bg5 Kg7 29. Qh4 1-0

[Event "Gatineau Rentree Hull U1500"]
[Site "Gatineau"]
[Date "2018.09.25"]
[Round "3"]
[White "Fex, John"]
[Black "Dupont Mageau, Nicolas"]
[Result "0-1"]
[WhiteElo "1382"]
[BlackElo "1444"]
[PlyCount "80"]
[EventDate "2018.09.11"]
[EventType "swiss"]
[EventRounds "5"]
[EventCountry "CAN"]
[SourceTitle "EXT 2022"]
[Source "ChessBase"]
[SourceDate "2021.10.06"]
[SourceVersion "1"]
[SourceVersionDate "2021.10.06"]
[SourceQuality "1"]

1. e4 e5 2. Nf3 Nc6 3. d4 exd4 4. Nxd4 Nf6 5. Nxc6 dxc6 6. Qxd8+ Kxd8 7. Bg5 Be7 8. Nc3 Re8 9. f3 Bd7 10. 0-0-0 Nd5 11. Bxe7+ Nxe7 12. Bc4 Rf8 13. Rd2 Nc8 14. e5 Ke7 15. Rhd1 Nb6 16. Bd3 h6 17. g4 f6 18. Re2 Rae8 19. Bg6 Rd8 20. Bf5 Bxf5 21. Rxd8 Rxd8 22. gxf5 fxe5 23. Rxe5+ Kf6 24. Ra5 a6 25. Ne4+ Kf7 26. b3 Rd5 27. Rc5 Nd7 28. Rxd5 cxd5 29. Ng3 Kf6 30. Nh5+ Kxf5 31. Nxg7+ Kf4 32. Ne6+ Kxf3 33. Nxc7 Nf6 34. Ne6 Kg2 35. Nc5 Kxh2 36. Nxb7 h5 37. Nc5 h4 38. Ne6 Kg3 39. Ng5 Ne4 40. c4 Nxg5 0-1

[Event "Gatineau Equipes"]
[Site "Gatineau"]
[Date "2015.10.27"]
[Round "2"]
[White "Dupont Mageau, Nicolas"]
[Black "Lamoureux, Gilbert"]
[Result "1-0"]
[WhiteElo "1450"]
[BlackElo "1253"]
[PlyCount "55"]
[EventDate "2015.10.20"]
[EventType "team-swiss"]
[EventRounds "3"]
[EventCountry "CAN"]
[SourceTitle "EXT 2022"]
[Source "ChessBase"]
[SourceDate "2021.10.06"]
[SourceVersion "1"]
[SourceVersionDate "2021.10.06"]
[SourceQuality "1"]

1. e4 e5 2. Nf3 Nc6 3. Bb5 a6 4. Ba4 Nf6 5. 0-0 b5 6. Bb3 Na5 7. Re1 Nxb3 8. axb3 d6 9. h3 Be7 10. Nc3 Bb7 11. d4 Nd7 12. d5 c6 13. dxc6 Bxc6 14. Nd5 Nf6 15. Bg5 h6 16. Nxf6+ Bxf6 17. Bxf6 Qxf6 18. Qd3 0-0 19. Red1 Rfd8 20. c4 Qg6 21. Re1 Rf8 22. Nh4 Qf6 23. Nf5 Rfd8 24. Red1 Qe6 25. cxb5 Bxb5 26. Qd5 Qxd5 27. Rxd5 Bc6 28. Ne7+ 1-0

[Event "Gatineau Hull CC 35 Ann U1500"]
[Site "Gatineau"]
[Date "2015.09.29"]
[Round "3"]
[White "Bourbonnais, Luc"]
[Black "Dupont Mageau, Nicolas"]
[Result "1/2-1/2"]
[WhiteElo "1297"]
[BlackElo "1283"]
[PlyCount "78"]
[EventDate "2015.09.15"]
[EventType "swiss"]
[EventRounds "5"]
[EventCountry "CAN"]
[SourceTitle "EXT 2022"]
[Source "ChessBase"]
[SourceDate "2021.10.06"]
[SourceVersion "1"]
[SourceVersionDate "2021.10.06"]
[SourceQuality "1"]

1. e4 c5 2. Nf3 d6 3. d4 cxd4 4. Nxd4 Nf6 5. Nc3 g6 6. Be3 Bg7 7. Be2 0-0 8. Qd2 Nc6 9. 0-0-0 Qa5 10. Nb3 Qc7 11. Nd5 Nxd5 12. exd5 Ne5 13. f3 Nc4 14. Bxc4 Qxc4 15. Bd4 Qxd5 16. Bxg7 Qxd2+ 17. Rxd2 Kxg7 18. Rhd1 Be6 19. Nd4 Kf6 20. f4 Rfc8 21. Nxe6 Kxe6 22. g4 Rc6 23. Rd4 b5 24. a4 Rac8 25. c3 a6 26. axb5 axb5 27. Re1+ Kd7 28. Re3 Rc4 29. Red3 b4 30. Kc2 f6 31. Kb3 Rxd4 32. cxd4 d5 33. f5 Rc4 34. h3 g5 35. Ka4 e5 36. dxe5 fxe5 37. Rxd5+ Ke7 38. Rxe5+ Kf6 39. Re3 h5 1/2-1/2

[Event "Gatineau op-C"]
[Site "Gatineau"]
[Date "2015.03.??"]
[Round "4"]
[White "Simard, Paul"]
[Black "Dupont Mageau, Nicolas"]
[Result "0-1"]
[WhiteElo "1137"]
[BlackElo "1267"]
[PlyCount "74"]
[EventDate "2015.03.07"]
[EventType "swiss"]
[EventRounds "5"]
[EventCountry "CAN"]
[SourceTitle "EXT 2016"]
[Source "ChessBase"]
[SourceDate "2015.10.08"]
[SourceVersion "1"]
[SourceVersionDate "2015.10.08"]
[SourceQuality "1"]

1. f4 d5 2. e3 c5 3. Nf3 Nc6 4. Bb5 Qc7 5. b3 Nf6 6. Bb2 Bf5 7. 0-0 e6 8. Ne5 a6 9. Bxc6+ bxc6 10. a4 Be7 11. h3 0-0 12. Nc3 Ne4 13. Ne2 f6 14. Nd3 Rab8 15. Ba3 c4 16. bxc4 dxc4 17. Nf2 Bxa3 18. Rxa3 Qd6 19. Nxe4 Qxa3 20. N4g3 Qxa4 21. Nd4 Rb2 22. Ngxf5 exf5 23. c3 Qxd1 24. Rxd1 Rd8 25. Nxf5 Rdxd2 26. Ne7+ Kf7 27. Rxd2 Rxd2 28. Nxc6 Rd3 29. Nb4 Rxc3 30. Nxa6 Rxe3 31. Nc5 c3 32. Kf2 c2 33. Kxe3 c1Q+ 34. Kd4 Qg1+ 35. Kd5 Qxg2+ 36. Ne4 Qxh3 37. Kd6 Qe6+ 0-1

[Event "Gatineau Benevoles-C"]
[Site "Gatineau"]
[Date "2014.09.23"]
[Round "3"]
[White "Simard, Paul"]
[Black "Dupont Mageau, Nicolas"]
[Result "1-0"]
[WhiteElo "1114"]
[BlackElo "1237"]
[PlyCount "45"]
[EventDate "2014.09.09"]
[EventType "swiss"]
[EventRounds "5"]
[EventCountry "CAN"]
[SourceTitle "EXT 2016"]
[Source "ChessBase"]
[SourceDate "2015.10.08"]
[SourceVersion "1"]
[SourceVersionDate "2015.10.08"]
[SourceQuality "1"]

1. f4 d5 2. e3 a6 3. b3 Nc6 4. Bb2 Nf6 5. Bd3 Bg4 6. Be2 Nb4 7. Bxf6 Bxe2 8. Nxe2 exf6 9. Nd4 Bc5 10. 0-0 c6 11. a3 Qb6 12. axb4 Bxd4 13. c3 Bxe3+ 14. dxe3 Qxe3+ 15. Kh1 0-0 16. Rf3 Qe6 17. Nd2 Rfe8 18. Qg1 Re7 19. Nf1 Rae8 20. Ng3 h5 21. Nxh5 Qe1 22. Rxe1 Rxe1 23. Rf1 1-0

[Event "Gatineau Outaouais op U1500"]
[Site "Gatineau"]
[Date "2014.06.07"]
[Round "3"]
[White "Dupont Mageau, Nicolas"]
[Black "Latreille, Etienne"]
[Result "1-0"]
[WhiteElo "1188"]
[BlackElo "1391"]
[PlyCount "70"]
[EventDate "2014.06.06"]
[EventType "swiss"]
[EventRounds "5"]
[EventCountry "CAN"]
[SourceTitle "EXT 2022"]
[Source "ChessBase"]
[SourceDate "2021.10.06"]
[SourceVersion "1"]
[SourceVersionDate "2021.10.06"]
[SourceQuality "1"]

1. e4 e6 2. d4 d5 3. Nc3 Bb4 4. Bd2 Bxc3 5. Bxc3 dxe4 6. Qg4 g6 7. d5 exd5 8. Qg3 f6 9. 0-0-0 Be6 10. f3 Qe7 11. fxe4 dxe4 12. Kb1 e3 13. Re1 Nh6 14. Qxe3 Kf7 15. Bc4 Re8 16. Qxh6 Qd7 17. Qxh7+ Kf8 18. Bb4+ Re7 19. Bxe7+ Qxe7 20. Qh8+ Kf7 21. Bxe6+ Qxe6 22. Rxe6 Kxe6 23. Nf3 Kf5 24. Rf1 Ke4 25. Qxf6 Nc6 26. Re1+ Kd5 27. Qxg6 Rd8 28. Rd1+ Kc5 29. Rxd8 Nxd8 30. Qg5+ Kb6 31. Qxd8 a5 32. Nd4 Ka6 33. Qxc7 a4 34. Qc4+ b5 35. Qxb5+ Ka7 1-0

[Event "Gatineau op U1500"]
[Site "Gatineau"]
[Date "2014.03.01"]
[Round "2"]
[White "Dupont Mageau, Nicolas"]
[Black "Latreille, Etienne"]
[Result "0-1"]
[WhiteElo "1070"]
[BlackElo "1426"]
[PlyCount "86"]
[EventDate "2014.02.28"]
[EventType "swiss"]
[EventRounds "5"]
[EventCountry "CAN"]
[SourceTitle "EXT 2022"]
[Source "ChessBase"]
[SourceDate "2021.10.06"]
[SourceVersion "1"]
[SourceVersionDate "2021.10.06"]
[SourceQuality "1"]

1. e4 e5 2. Nf3 d6 3. Bc4 Bg4 4. h3 Bh5 5. Nc3 a6 6. a4 Nf6 7. d3 h6 8. Be3 Qd7 9. d4 Nc6 10. dxe5 Nxe5 11. Nxe5 dxe5 12. Qxd7+ Nxd7 13. Nd5 0-0-0 14. g4 Bg6 15. f3 Bc5 16. Bxc5 Nxc5 17. Ne7+ Kb8 18. Nxg6 fxg6 19. b4 Rd4 20. Bf7 Rxb4 21. Bxg6 Nxa4 22. Rd1 Nc3 23. Rd7 Rb1+ 24. Kd2 Rxh1 25. Kxc3 Rxh3 26. Rf7 Rd8 27. Kb2 Rd2 28. f4 exf4 29. Rxf4 Re3 30. Rf5 Rg2 31. Rf8+ Ka7 32. Bf5 Ree2 33. e5 Rxe5 34. Rf7 g6 35. Bxg6 Rxg4 36. Bf5 Rf4 37. Bg6 Rxf7 38. Bxf7 h5 39. Bxh5 Rxh5 40. Kc3 c5 41. Kb3 b5 42. c4 bxc4+ 43. Kxc4 Kb6 0-1

[Event "Gatineau op U1500"]
[Site "Gatineau"]
[Date "2014.02.28"]
[Round "1"]
[White "Ouimet, Alain"]
[Black "Dupont Mageau, Nicolas"]
[Result "1-0"]
[WhiteElo "1350"]
[BlackElo "1070"]
[PlyCount "65"]
[EventDate "2014.02.28"]
[EventType "swiss"]
[EventRounds "5"]
[EventCountry "CAN"]
[SourceTitle "EXT 2022"]
[Source "ChessBase"]
[SourceDate "2021.10.06"]
[SourceVersion "1"]
[SourceVersionDate "2021.10.06"]
[SourceQuality "1"]

1. d4 Nf6 2. c4 g6 3. Nc3 Bg7 4. Nf3 e6 5. e4 d5 6. Bg5 dxe4 7. Nxe4 h6 8. Nxf6+ Bxf6 9. Be3 Qe7 10. Qc2 Nc6 11. a3 b6 12. Be2 Ba6 13. Qa4 Bb7 14. 0-0 0-0-0 15. Rfd1 Kb8 16. Rac1 Bg5 17. Rc3 Rd7 18. b4 Rhd8 19. b5 Na5 20. Ne5 Bxe3 21. Nxd7+ Rxd7 22. Rxe3 Qg5 23. Rg3 Qf6 24. c5 Bd5 25. Qb4 h5 26. Rgd3 h4 27. Rh3 e5 28. Bg4 Qg5 29. c6 Rd8 30. dxe5 Qxe5 31. Rhd3 Qg5 32. Rxd5 Rxd5 33. Qf8+ 1-0